000 01930 am a2200385 a 4500
005 20240624114527.0
008 100312s2005||||ag # gf|||| 000 0 spa d
020 _a9508922141
041 _aspa
092 _c362.109 8
_l4
_sARM
100 1 _aArmus, Diego
_eComp.
_9533
245 _aAvatares de la medicalización en América Latina 1870-1970 /
_cDiego Armus
250 _a1a ed.
260 _aBuenos Aires:
_bLugar Editorial;
_c2005.
300 _a304 p.
_c23x16 cm.
500 _aArmus, D. (Comp.). (2005). Avatares de la medicalización en América Latina 1870-1970. (1a ed.). Buenos Aires : Lugar Editorial.
590 _aDonación Editorial Lugar; 2009. Compra ESME, 2009
648 _9534
653 _aLegados y tendencias en la historiografía sobre la enfermedad en América Latina moderna
653 _aBuenos Aires 1871: imagen de la fiebre civilizada
653 _aHistorias de enfermos tuberculosos que protestan. Argentina, 1920-1940
653 _aServicios de salud y sistema político: Argentina, Brasil y Chile, 1920-1970
653 _aCondenado por la raza, absuelto por la medicina: el Brasil descubierto por el movimiento médico-higienista de la Primera República
653 _aEstrategias anti-coloniales: sifilis, raza e identidad nacional en el Brasil de entreguerras
653 _aEnfermedad de chagas como problemática médico social en Brasil 1909-1950
653 _aDiscurso médico, cultura higiénica y la mujer en México entre fines del siglo XIX y comienzos del siglo XX
653 _aAscenso y caída de una loca utopía: el Manicomio General en la ciudad de México a comienzos del siglo XX
653 _aMestizofilia, biotipología y eugenesia en el Mésico post-revolucionario: hacia una historia de la ciencia y el estado, 1920-1960
930 _a1353
930 _a2041
930 _a2042
930 _a2043
930 _a2044
942 _2ddc
_cBK
999 _c100
_d100